000 00551nam a2200181Ia 4500
005 20250326124640.0
008 250326s9999 xx 000 0 und d
037 _aTextbook
040 _aFMSL
_beng
_cFMSL
041 _aeng
_2eng
084 _aX:8ogD658(2:55) L13
_qFMSL
100 _aJones K S
_9737711
245 0 _aAutomatic keyword classification for information retrieval
_cJones K S
260 _aLondon
_bLondon, Butter Worths
_c1971
300 _a253p
942 _cTB
_hX:8ogD658(2:55) L13
999 _c1274569
_d1274569